LIBRARY & INFORMATION CENTRE, KCAET, TAVANUR

ONLINE PUBLIC ACCESS CATALOGUE (OPAC)

Gora / (Record no. 6644)

MARC details
000 -LEADER
fixed length control field 00457cam a2200193ua 4500
041 ## - LANGUAGE CODE
Language code of text/sound track or separate title mal
082 ## - DEWEY DECIMAL CLASSIFICATION NUMBER
Classification number 894.812 308
Item number TAG/HO
100 ## - MAIN ENTRY--AUTHOR NAME
Personal name Tagore, Ravindra Nath.
245 ## - TITLE STATEMENT
Title Gora /
250 ## - EDITION STATEMENT
Edition statement 1 /
260 ## - PUBLICATION, DISTRIBUTION, ETC. (IMPRINT)
Place of publication New Delhi :
Name of publisher Sahitya Academy ,
Year of publication 1962.
300 ## - PHYSICAL DESCRIPTION
Number of Pages 576 ; .
942 ## - ADDED ENTRY ELEMENTS (KOHA)
Koha item type Books
Holdings
Withdrawn status Lost status Damaged status Home library Current library Date acquired Full call number Accession Number Koha item type
Withdrawn     KAUAET KAUAET 07/04/2012 894.812 308 5602 Books
Withdrawn     KAUAET Sanskrit University 07/04/2012 894.812 308 2845 Books
free website counter